• 首页
  • 本馆介绍
  • 公告通知
  • 最新文献
  • 馆藏检索
  • 电子资源
  • 读者导购
  • 参考咨询
  • 我的图书馆
  • 登录
  • 详细信息显示
  • 放入我的书架
  • 预约/预借图书
  • 作者相关作品
  • 分类相关作品
  • 丛书相关作品
  • 出版社相关作品

书目信息

  • 表格格式
  • 工作单格式
  • 卡片格式
题名:
培育与监管
    
 
作者: 成思危 主编
分册:  
出版信息: 北京   经济科学出版社  2002
页数: 321页
开本: 24cm
丛书名: 中国改革与发展问题应急研究丛书
单 册:
中图分类: F822.2
科图分类:
主题词: 货币市场--监督管理--研究--中国
电子资源:
ISBN: 7-5058-3004-X
000 00782nam2 2200229 45
001 0406011513
005 20040601154326.1
010    @a7-5058-3004-X@dCNY45.00
100    @a20040601d2002 km y0chiy0120 ea
101 0  @achi
105    @a z 000yy
200 1  @a培育与监管@APei Yu Yu Jian Guan@e设计中国的货币市场@EShe Ji Zhong Guo De Huo Bi Shi Chang@f成思危主编@FCheng Si Wei Zhu Bian
210    @a北京@c经济科学出版社@d2002
215    @a321页@d24cm
225    @a中国改革与发展问题应急研究丛书
410    @12001 @a中国改革与发展问题应急研究丛书
517    @a设计中国的货币市场@AShe Ji Zhong Guo De Huo Bi Shi Chang
606 0  @a货币市场@x监督管理@x研究@y中国
690    @aF822.2@v4
701  0 @a成思危@4主编
801    @aCN@bTSTC@c20040601
905    @b334195@dF822.2@e27@f1
    
    培育与监管:设计中国的货币市场/成思危主编.-北京:经济科学出版社,2002
    321页;24cm.-(中国改革与发展问题应急研究丛书)
    
    
    ISBN 7-5058-3004-X:CNY45.00
    
●
相关链接 在E读中查询图书 在五车中查询图书 在当当中查询图书 在豆瓣中查询图书


正题名:培育与监管     索取号:F822.2/27         预约/预借

序号 登录号 条形码 馆藏地/架位号 状态 备注
1 0334195   203341954   第一样本阅览室/ [索取号:F822.2/27] 在馆    
唐山师范学院图书馆 欢迎您!
大连网信软件有限公司© 版权所有